| 000 | 01230cam a22003617a 4500 | ||
|---|---|---|---|
| 003 | CHAP | ||
| 005 | 20220329133043.0 | ||
| 008 | 971013s1990 r 00010 d | ||
| 010 | _a1649 | ||
| 011 | _a2621 | ||
| 035 | _a1816 | ||
| 040 | _cCHAP | ||
| 090 | _aTesis | ||
| 100 | 0 | 0 |
_aMéndez Carreto, Carlos. _976479 |
| 245 | 0 | _aUtilización de la pulpa de café suplementada con bagazo de caña para la producción de champiñón (Agaricus bisporus (Lange) Sing) | |
| 260 |
_aChapingo, Méx. : _bEl autor, _c1990 |
||
| 300 |
_a68 h. _b: ilus. ; gráfs. |
||
| 502 | _aTesis (Ing. Agroindustrial) -- UACH. Departamento de Ingeniería Agroindustrial | ||
| 590 |
_aALEPH _b10 _c20130110 _lUCH01 _h1209 |
||
| 590 |
_aBATCH-UPD _b10 _c20130110 _lUCH01 _h0854 |
||
| 590 |
_aBATCH-UPD _b10 _c20130410 _lUCH01 _h0525 |
||
| 590 |
_aBATCH-UPD _b10 _c20130914 _lUCH01 _h0520 |
||
| 590 |
_aCONVERSION _b10 _c20130109 _lUCH01 _h1302 |
||
| 650 | 1 | 4 |
_aBagazo. _99395 |
| 650 | 1 | 4 |
_aCafé _xSubproductos. _917203 |
| 650 | 1 | 4 |
_aCompost. _926105 |
| 650 | 1 | 4 |
_aHongos comestibles. _956124 |
| 650 | 1 | 4 |
_aSetas. _9105368 |
| 700 | 0 |
_aSandoval Salas, Fabiola. _9102168 |
|
| 901 | _aBK | ||
| 942 | _cTESIS | ||
| 949 |
_bBC _cTES _d-11309 _eTS1 _h23626 _i1816 _si |
||
| 999 |
_c1649 _d1649 |
||